000 00397nam a2200157Ia 4500
008 180423s9999 xx 000 0 und d
040 _aPK-NaQUE
100 _a12ME41
100 _aNaresh Kumar
245 0 _aDesign & Fabrication of Test Bed Impact of Water Jet
260 _aNawabshah
260 _bQUEST
260 _c2012
300 _a57
700 _aDepartment of Mechanical Engineering
999 _c58523
_d58520